<?xml version="1.0" encoding="UTF-8"?>
<record
    xmlns:xsi="http://www.w3.org/2001/XMLSchema-instance"
    xsi:schemaLocation="http://www.loc.gov/MARC21/slim http://www.loc.gov/standards/marcxml/schema/MARC21slim.xsd"
    xmlns="http://www.loc.gov/MARC21/slim">

  <leader>00661nam a22002057a 4500</leader>
  <datafield tag="999" ind1=" " ind2=" ">
    <subfield code="c">46086</subfield>
    <subfield code="d">46086</subfield>
  </datafield>
  <controlfield tag="005">20200113090942.0</controlfield>
  <controlfield tag="008">131128t        ag ||||| |||| 00| 0 spa d</controlfield>
  <datafield tag="050" ind1="0" ind2="4">
    <subfield code="a">B 2844</subfield>
    <subfield code="b">F54 </subfield>
  </datafield>
  <datafield tag="100" ind1="1" ind2=" ">
    <subfield code="a">Fichte, Juan Teofilo</subfield>
  </datafield>
  <datafield tag="245" ind1="1" ind2="3">
    <subfield code="a">El Destino del Sabio /</subfield>
    <subfield code="c">Juan Teofilo Fichte</subfield>
  </datafield>
  <datafield tag="250" ind1=" " ind2=" ">
    <subfield code="a">1a ed. </subfield>
  </datafield>
  <datafield tag="260" ind1=" " ind2=" ">
    <subfield code="a">Buenos Aires, Argentina :</subfield>
    <subfield code="b">Tor,</subfield>
  </datafield>
  <datafield tag="300" ind1=" " ind2=" ">
    <subfield code="a">155 p. ; </subfield>
    <subfield code="c">18 cm. </subfield>
  </datafield>
  <datafield tag="490" ind1="0" ind2=" ">
    <subfield code="a">Biblioteca Filos&#xF3;fica</subfield>
  </datafield>
  <datafield tag="504" ind1=" " ind2=" ">
    <subfield code="a"> </subfield>
  </datafield>
  <datafield tag="600" ind1="1" ind2="4">
    <subfield code="a">Fichte, Juan Teofilo</subfield>
    <subfield code="d">1762-1814</subfield>
  </datafield>
  <datafield tag="650" ind1=" " ind2="7">
    <subfield code="2">Lemb</subfield>
    <subfield code="a">Filosof&#xED;a</subfield>
    <subfield code="x">Sociolog&#xED;a</subfield>
  </datafield>
  <datafield tag="700" ind1="1" ind2=" ">
    <subfield code="a">Ovejero y Maury, Eduardo</subfield>
    <subfield code="e">tr. </subfield>
  </datafield>
  <datafield tag="942" ind1=" " ind2=" ">
    <subfield code="2">lcc</subfield>
    <subfield code="c">LIB</subfield>
  </datafield>
  <datafield tag="952" ind1=" " ind2=" ">
    <subfield code="1">0</subfield>
    <subfield code="2">lcc</subfield>
    <subfield code="4">0</subfield>
    <subfield code="7">0</subfield>
    <subfield code="a">LIC-020</subfield>
    <subfield code="b">LIC-020</subfield>
    <subfield code="c">GENERAL</subfield>
    <subfield code="d">2013-11-28</subfield>
    <subfield code="k">Educaci&#xF3;n y humanidades</subfield>
    <subfield code="l">1</subfield>
    <subfield code="o">B 2844 F54</subfield>
    <subfield code="p">BFF000003507</subfield>
    <subfield code="r">2023-03-03 00:00:00</subfield>
    <subfield code="s">2023-03-03</subfield>
    <subfield code="t">C: 1</subfield>
    <subfield code="y">LIB</subfield>
  </datafield>
</record>
